00947nam a2200193Ia 4500952010900000999001700109008004100126020001800167050002200185100004200207245005800249250001700307260004500324300004100369505028200410519000900692650004000701942001200741 00104070a07b07d2008-12-23l8oBF121 G346 2005p07 000527r2019-10-10s2019-10-10t1w2012-06-26yLB c66450d66450120626s2005 mx 000 0 spa d a970-24-0755-904aBF121 bG346 2005 aGarcía González, Eva Lauraeautor10aPsicología generalc/ Eva Laura García González a2a edición aMéxicob: Publicaciones Culturalc2005 aviii, 231 páginasb: ilustraciones aIntroducción al concepto de psicología Bases biológicas de la conducta Percepción Aprendizaje y memoria Pensamiento y lenguaje Motivación y emoción Diferencias individuales: personalidad Conducta social Estrés y como afrontarlo Desarrollo psicológico  a d 17aPSICOLOGÍAxESTUDIO Y ENSEÑANZA cLB2lcc